[Event "BRA-ch U16"]
[Site "Volta Redonda"]
[Date "2001.05.04"]
[Round "1.8"]
[White "Eudes, Brunno"]
[Black "Mekhitarian, Krikor Sevag"]
[Result "0-1"]
[WhiteElo "1435"]
[BlackElo "2006"]
[PlyCount "48"]
[EventDate "2001.05.??"]
[EventType "swiss"]
[EventRounds "6"]
[EventCountry "BRA"]
[SourceTitle "EXT 2003"]
[Source "ChessBase"]
[SourceDate "2002.11.25"]
[SourceVersion "1"]
[SourceVersionDate "2002.11.25"]
[SourceQuality "1"]

1. d4 Nf6 2. e3 d5 3. Bd3 e6 4. Nd2 b6 5. f4 Ba6 6. Qe2 Bxd3 7. Qxd3 c5 8. c3
Qc8 9. e4 cxd4 10. cxd4 dxe4 11. Nxe4 Nxe4 12. Qxe4 Qc6 13. Qe2 Be7 14. Nf3 O-O
15. O-O Bf6 16. Ne5 Qd5 17. Be3 Nc6 18. Nxc6 Qxc6 19. f5 Rfe8 20. Qd3 Rad8 21.
fxe6 Qxe6 22. Rf3 Qd5 23. Rh3 g6 24. Rf3 Rxe3 0-1

[Event "BRA-ch U16"]
[Site "Volta Redonda"]
[Date "2001.05.04"]
[Round "2.8"]
[White "Mekhitarian, Krikor Sevag"]
[Black "Neto, Brenno"]
[Result "1-0"]
[WhiteElo "2006"]
[BlackElo "1800"]
[PlyCount "85"]
[EventDate "2001.05.??"]
[EventType "swiss"]
[EventRounds "6"]
[EventCountry "BRA"]
[SourceTitle "EXT 2003"]
[Source "ChessBase"]
[SourceDate "2002.11.25"]
[SourceVersion "1"]
[SourceVersionDate "2002.11.25"]
[SourceQuality "1"]

1. e4 c5 2. Nc3 Nc6 3. Nf3 g6 4. Bb5 Bg7 5. Bxc6 bxc6 6. e5 Qc7 7. Qe2 Nh6 8.
Ne4 Bxe5 9. Nxe5 Qxe5 10. d4 Qg7 11. Bg5 Kf8 12. O-O-O f6 13. Bf4 cxd4 14. Nxf6
Qxf6 15. Be5 Ba6 16. Qe4 Qe6 17. Qf4+ Nf7 18. Bxh8 c5 19. Kb1 d6 20. Rhe1 Qf5
21. Qxf5 gxf5 22. Bxd4 cxd4 23. Rxd4 e5 24. Rh4 Kg7 25. Ra4 Bb7 26. f3 Bc6 27.
Rc4 Bb5 28. Rc7 Kf6 29. Re3 a5 30. Rb3 Ba6 31. Rbc3 Ke6 32. a4 h6 33. R3c6 Nd8
34. Rb6 Bf1 35. g3 Bg2 36. Rc3 Ra7 37. Kc1 Nb7 38. Kd2 Kd5 39. Rc7 Bxf3 40.
Rcxb7 Rxb7 41. Rxb7 Kd4 42. c3+ Kc4 43. Rb5 1-0

[Event "BRA-ch U16"]
[Site "Volta Redonda"]
[Date "2001.05.05"]
[Round "3.1"]
[White "El Debs, Felipe de Cresce"]
[Black "Mekhitarian, Krikor Sevag"]
[Result "1-0"]
[WhiteElo "2198"]
[BlackElo "2006"]
[PlyCount "79"]
[EventDate "2001.05.??"]
[EventType "swiss"]
[EventRounds "6"]
[EventCountry "BRA"]
[SourceTitle "EXT 2003"]
[Source "ChessBase"]
[SourceDate "2002.11.25"]
[SourceVersion "1"]
[SourceVersionDate "2002.11.25"]
[SourceQuality "1"]

1. e4 c5 2. Nf3 d6 3. d4 cxd4 4. Qxd4 Nc6 5. Bb5 Bd7 6. Bxc6 Bxc6 7. c4 Nf6 8.
Nc3 Qb6 9. Qd3 e6 10. O-O Be7 11. b3 O-O 12. Bb2 Rfd8 13. Nd4 Rac8 14. Rad1 a6
15. Kh1 g6 16. h3 e5 17. Nc2 Qc7 18. f4 b5 19. Nd5 Bxd5 20. cxd5 Qxc2 21. fxe5
Nxe4 22. exd6 Bxd6 23. Qd4 f6 24. Rxf6 Nxf6 25. Rf1 Qe2 26. Qxf6 Qxf1+ 27. Qxf1
Rf8 28. Qd1 Rce8 29. Kg1 b4 30. g4 Bg3 31. Kg2 Bh4 32. Bd4 Re1 33. Qd2 Rfe8 34.
Qh6 R1e7 35. Qxh4 Re2+ 36. Kf3 R2e4 37. Qf6 R8e7 38. Qh8+ Kf7 39. Qxh7+ Kf8 40.
Qh8+ 1-0

[Event "BRA-ch U16"]
[Site "Volta Redonda"]
[Date "2001.05.05"]
[Round "4.6"]
[White "Mekhitarian, Krikor Sevag"]
[Black "Arruda, William Batista"]
[Result "1/2-1/2"]
[WhiteElo "2006"]
[BlackElo "1976"]
[PlyCount "105"]
[EventDate "2001.05.??"]
[EventType "swiss"]
[EventRounds "6"]
[EventCountry "BRA"]
[SourceTitle "EXT 2003"]
[Source "ChessBase"]
[SourceDate "2002.11.25"]
[SourceVersion "1"]
[SourceVersionDate "2002.11.25"]
[SourceQuality "1"]

1. e4 c5 2. Nc3 a6 3. f4 e6 4. Nf3 b5 5. d4 cxd4 6. Nxd4 Bb7 7. Bd3 Nf6 8. Qf3
Be7 9. Be3 d6 10. g4 Nfd7 11. O-O Nc5 12. f5 e5 13. f6 Bxf6 14. Nf5 O-O 15.
Rad1 g6 16. Nxd6 Qxd6 17. Qxf6 Qxf6 18. Rxf6 Nbd7 19. Rd6 b4 20. Ne2 Nxd3 21.
R1xd3 Nb8 22. Bh6 Re8 23. Bd2 a5 24. c3 Na6 25. cxb4 axb4 26. Rb3 Bxe4 27. Bxb4
Nxb4 28. Rxb4 Bf3 29. Nc3 Rab8 30. Rdb6 Rxb6 31. Rxb6 Bxg4 32. Ne4 Kg7 33. Kf2
Re6 34. Rxe6 Bxe6 35. a4 f5 36. Nc5 Kf6 37. a5 Bd5 38. Nd7+ Ke6 39. Nb6 Bb7 40.
b4 Ba6 41. Na4 Bc4 42. a6 Kd6 43. a7 Bd5 44. Nb6 Be4 45. Nc4+ Kc7 46. b5 Ba8
47. b6+ Kc6 48. Nxe5+ Kxb6 49. Nd7+ Kxa7 50. Nf8 Kb6 51. Nxh7 Kc5 52. Nf8 Kd6
53. Nxg6 1/2-1/2

[Event "BRA-ch U16"]
[Site "Volta Redonda"]
[Date "2001.05.06"]
[Round "5.8"]
[White "Souza, Otavio"]
[Black "Mekhitarian, Krikor Sevag"]
[Result "0-1"]
[WhiteElo "1810"]
[BlackElo "2006"]
[PlyCount "56"]
[EventDate "2001.05.??"]
[EventType "swiss"]
[EventRounds "6"]
[EventCountry "BRA"]
[SourceTitle "EXT 2003"]
[Source "ChessBase"]
[SourceDate "2002.11.25"]
[SourceVersion "1"]
[SourceVersionDate "2002.11.25"]
[SourceQuality "1"]

1. e4 c5 2. Nf3 e6 3. c3 Nf6 4. d3 d5 5. e5 Nfd7 6. d4 Nc6 7. Be3 Qb6 8. b3 Be7
9. Be2 O-O 10. O-O f6 11. Bf4 fxe5 12. Bxe5 Ndxe5 13. Nxe5 cxd4 14. Nxc6 bxc6
15. cxd4 Bf6 16. Nd2 Bxd4 17. Rc1 Rxf2 18. Kh1 Rxf1+ 19. Qxf1 Bd7 20. Bg4 Be3
21. Qe2 Rf8 22. Re1 Rf2 23. Qxe3 Qxe3 24. Rxe3 Rxd2 25. a4 e5 26. Be2 e4 27.
Kg1 Bf5 28. Kf1 d4 0-1

[Event "BRA-ch U16"]
[Site "Volta Redonda"]
[Date "2001.05.06"]
[Round "6.6"]
[White "Mekhitarian, Krikor Sevag"]
[Black "Amorim, Thiago Augusto"]
[Result "1-0"]
[WhiteElo "2006"]
[BlackElo "1857"]
[PlyCount "67"]
[EventDate "2001.05.??"]
[EventType "swiss"]
[EventRounds "6"]
[EventCountry "BRA"]
[SourceTitle "EXT 2003"]
[Source "ChessBase"]
[SourceDate "2002.11.25"]
[SourceVersion "1"]
[SourceVersionDate "2002.11.25"]
[SourceQuality "1"]

1. e4 c5 2. Nc3 d6 3. f4 Nc6 4. Nf3 e6 5. Bb5 Bd7 6. O-O a6 7. Bxc6 bxc6 8. d3
Be7 9. b3 Nf6 10. Na4 O-O 11. Re1 Ne8 12. e5 d5 13. c4 f5 14. Ba3 Qa5 15. Qd2
Qc7 16. Kh1 g6 17. Qf2 Ng7 18. Bxc5 Bxc5 19. Nxc5 a5 20. Rac1 Qa7 21. Re2 Nh5
22. g3 Rfc8 23. Na4 c5 24. cxd5 Bxa4 25. bxa4 exd5 26. Rec2 Qd7 27. Rxc5 Ng7
28. Qd4 Rxc5 29. Qxc5 Kh8 30. Qc6 Qa7 31. Qxd5 Rb8 32. Ng5 Qe3 33. Nf7+ Kg8 34.
Nh6+ 1-0

[Event "BRA U20"]
[Site "Araraquara"]
[Date "2002.04.??"]
[Round "7"]
[White "Alonso, Nicolas"]
[Black "Mekhitarian, Krikor Sevag"]
[Result "1/2-1/2"]
[WhiteElo "2086"]
[BlackElo "2213"]
[PlyCount "67"]
[EventDate "2002.??.??"]
[EventType "swiss"]
[EventRounds "7"]
[EventCountry "BRA"]
[SourceTitle "EXT 2006"]
[Source "ChessBase"]
[SourceDate "2005.11.24"]
[SourceVersion "1"]
[SourceVersionDate "2005.11.24"]
[SourceQuality "1"]

1. e4 c5 2. Nf3 d6 3. d4 cxd4 4. Nxd4 Nf6 5. Nc3 a6 6. Be2 e5 7. Nb3 Be7 8. Be3
O-O 9. Nd5 Nxd5 10. exd5 Bg5 11. Qd2 Bxe3 12. Qxe3 f5 13. f4 Re8 14. O-O exf4
15. Qd2 Qb6+ 16. Kh1 Qe3 17. Rae1 Qxd2 18. Nxd2 Nd7 19. Nc4 Ne5 20. Nxd6 Rd8
21. Nc4 Nxc4 22. Bxc4 b5 23. Bb3 Bb7 24. Re5 g6 25. a4 Rd6 26. Rxf4 Rad8 27.
axb5 axb5 28. Rd4 Kf7 29. Kg1 Kf6 30. Re3 Bxd5 31. Red3 Ke5 32. Bxd5 Rxd5 33.
Rxd5+ Rxd5 34. Rxd5+ 1/2-1/2

[Event "BRA-ch U16"]
[Site "Maraba"]
[Date "2002.04.??"]
[Round "3"]
[White "Di Berardino, Diego Rafael"]
[Black "Mekhitarian, Krikor Sevag"]
[Result "1-0"]
[WhiteElo "2211"]
[BlackElo "2213"]
[PlyCount "55"]
[EventDate "2002.??.??"]
[EventType "swiss"]
[EventRounds "5"]
[EventCountry "BRA"]
[SourceTitle "EXT 2006"]
[Source "ChessBase"]
[SourceDate "2005.11.24"]
[SourceVersion "1"]
[SourceVersionDate "2005.11.24"]
[SourceQuality "1"]

1. e4 c5 2. Nf3 e6 3. d4 cxd4 4. Nxd4 d6 5. c4 a6 6. Nc3 Nd7 7. Be2 b6 8. O-O
Bb7 9. Be3 Ngf6 10. f3 Rc8 11. Rc1 Be7 12. Qd2 O-O 13. Rfd1 Qc7 14. Bf1 Qb8 15.
Qf2 Bd8 16. b4 Bc7 17. Qh4 Kh8 18. Nb3 Rfe8 19. Na4 Bd8 20. Qf2 g5 21. Nxb6
Bxb6 22. Bxb6 g4 23. Ba7 Qa8 24. Rxd6 e5 25. Rcd1 Rcd8 26. Bb6 gxf3 27. Bxd8
Rxd8 28. Qxf3 1-0

[Event "Sao Paulo-ch"]
[Site "Sao Paulo"]
[Date "2002.03.??"]
[Round "1"]
[White "Pelikian, Jefferson"]
[Black "Mekhitarian, Krikor Sevag"]
[Result "1-0"]
[WhiteElo "2415"]
[BlackElo "2213"]
[PlyCount "98"]
[EventDate "2002.03.??"]
[EventType "swiss"]
[EventRounds "6"]
[EventCountry "BRA"]
[SourceTitle "EXT 2016"]
[Source "ChessBase"]
[SourceDate "2015.10.08"]
[SourceVersion "1"]
[SourceVersionDate "2015.10.08"]
[SourceQuality "1"]

1. e4 c5 2. c3 Nf6 3. e5 Nd5 4. Nf3 e6 5. d4 cxd4 6. cxd4 d6 7. Bc4 Nb6 8. Bd3
Nc6 9. a3 Be7 10. O-O O-O 11. Nc3 g6 12. Re1 dxe5 13. dxe5 Nd5 14. Ne4 b6 15.
Bh6 Re8 16. Rc1 Bb7 17. Bb5 Rc8 18. Qa4 a6 19. Bxc6 b5 20. Bxb5 Nb6 21. Rxc8
Bxc8 22. Qa5 axb5 23. Qxb5 Bd7 24. Qe2 Bc6 25. Bg5 Bxe4 26. Bxe7 Qxe7 27. Qxe4
Nd5 28. h4 Rb8 29. Re2 Rb6 30. Rc2 Qb7 31. Qd4 Rb3 32. Qd2 h5 33. Ng5 Kg7 34.
Ne4 Nc3 35. Rxc3 Qxe4 36. Re3 Qb1+ 37. Re1 Qxb2 38. Qxb2 Rxb2 39. Ra1 Kf8 40.
a4 Ke7 41. a5 Kd7 42. a6 Rb8 43. Kh2 Kc6 44. Kg3 Kc7 45. a7 Ra8 46. Kf4 Kd7 47.
Kg5 Ke7 48. Ra6 Ke8 49. Kf6 Kf8 1-0

[Event "Sao Paulo-ch"]
[Site "Sao Paulo"]
[Date "2002.03.??"]
[Round "4"]
[White "Milos, Gilberto"]
[Black "Mekhitarian, Krikor Sevag"]
[Result "1-0"]
[WhiteElo "2580"]
[BlackElo "2213"]
[PlyCount "63"]
[EventDate "2002.03.??"]
[EventType "swiss"]
[EventRounds "6"]
[EventCountry "BRA"]
[SourceTitle "EXT 2016"]
[Source "ChessBase"]
[SourceDate "2015.10.08"]
[SourceVersion "1"]
[SourceVersionDate "2015.10.08"]
[SourceQuality "1"]

1. e4 c5 2. Nf3 e6 3. d4 cxd4 4. Nxd4 d6 5. c4 a6 6. Nc3 b6 7. Bd3 Bb7 8. O-O
Nd7 9. f4 Ngf6 10. Qe2 Be7 11. Kh1 Qc7 12. f5 e5 13. Nb3 O-O 14. Nd5 Bxd5 15.
cxd5 a5 16. Be3 a4 17. Rac1 Qa7 18. Nd2 Nc5 19. Rc3 Nfd7 20. Bb5 Nf6 21. Bg1
Qa5 22. Bc6 Qa6 23. Re1 Qxe2 24. Rxe2 Ra7 25. Ra3 Rb8 26. b4 Ncd7 27. Nb1 Rc8
28. Nc3 Nb8 29. b5 Nbd7 30. Rxa4 Rxa4 31. Nxa4 Rb8 32. Nb2 1-0

[Event "Sao Paulo-ch fin"]
[Site "Serra Negra"]
[Date "2002.??.??"]
[Round "?"]
[White "Aranha Filho, Alvaro Zimmermann"]
[Black "Mekhitarian, Krikor Sevag"]
[Result "1/2-1/2"]
[WhiteElo "2288"]
[BlackElo "2196"]
[PlyCount "64"]
[EventDate "2002.05.30"]
[EventType "swiss"]
[EventRounds "9"]
[EventCountry "BRA"]
[SourceTitle "CBM 088 Extra"]
[Source "ChessBase"]
[SourceDate "2002.07.01"]
[SourceVersion "2"]
[SourceVersionDate "2002.07.01"]
[SourceQuality "1"]

1. e4 c5 2. Nf3 d6 3. d4 cxd4 4. Nxd4 e6 5. c4 a6 6. Nc3 Nd7 7. Bd3 Ngf6 8. O-O
Be7 9. Qe2 O-O 10. Be3 Qc7 11. Rac1 Re8 12. f4 Bf8 13. g4 Nc5 14. h3 Nxd3 15.
Qxd3 Nd7 16. b4 b6 17. Nb3 Bb7 18. g5 Rac8 19. Ne2 f5 20. gxf6 Nxf6 21. Ng3 Qc6
22. b5 Qc7 23. a4 a5 24. Rf2 Nd7 25. Rg2 Nc5 26. Nxc5 dxc5 27. Qc3 g6 28. Nh5
Bg7 29. Nxg7 Qxg7 30. Qc2 Rcd8 31. Rg3 Ba8 32. Re1 Qb7 1/2-1/2

[Event "Sao Paulo-ch fin"]
[Site "Serra Negra"]
[Date "2002.??.??"]
[Round "?"]
[White "Frare, Fernando Cesar"]
[Black "Mekhitarian, Krikor Sevag"]
[Result "1/2-1/2"]
[WhiteElo "2247"]
[BlackElo "2196"]
[PlyCount "26"]
[EventDate "2002.05.30"]
[EventType "swiss"]
[EventRounds "9"]
[EventCountry "BRA"]
[SourceTitle "CBM 088 Extra"]
[Source "ChessBase"]
[SourceDate "2002.07.01"]
[SourceVersion "2"]
[SourceVersionDate "2002.07.01"]
[SourceQuality "1"]

1. d4 Nf6 2. Nf3 g6 3. c4 Bg7 4. Nc3 d5 5. e3 O-O 6. cxd5 Nxd5 7. Be2 b6 8. O-O
Bb7 9. Bd2 Nd7 10. Rc1 c5 11. Qb3 e6 12. Rfd1 Qe7 13. Qa3 cxd4 1/2-1/2

[Event "Sao Paulo-ch fin"]
[Site "Serra Negra"]
[Date "2002.??.??"]
[Round "?"]
[White "Loureiro, Luiz R Vasconcelos"]
[Black "Mekhitarian, Krikor Sevag"]
[Result "1/2-1/2"]
[WhiteElo "2339"]
[BlackElo "2196"]
[PlyCount "34"]
[EventDate "2002.05.30"]
[EventType "swiss"]
[EventRounds "9"]
[EventCountry "BRA"]
[SourceTitle "CBM 088 Extra"]
[Source "ChessBase"]
[SourceDate "2002.07.01"]
[SourceVersion "2"]
[SourceVersionDate "2002.07.01"]
[SourceQuality "1"]

1. d4 Nf6 2. c4 g6 3. Nc3 d5 4. cxd5 Nxd5 5. e4 Nxc3 6. bxc3 Bg7 7. Be3 O-O 8.
Qd2 c5 9. Rc1 Qa5 10. Nf3 Rd8 11. d5 Bg4 12. Be2 Nd7 13. O-O Nf6 14. Qc2 e6 15.
c4 Bxf3 16. Bxf3 e5 17. Bg5 Rd7 1/2-1/2

[Event "Sao Paulo-ch fin"]
[Site "Serra Negra"]
[Date "2002.??.??"]
[Round "?"]
[White "Mekhitarian, Krikor Sevag"]
[Black "De Souza, Mauro Guimaraes"]
[Result "1/2-1/2"]
[WhiteElo "2196"]
[BlackElo "2348"]
[PlyCount "139"]
[EventDate "2002.05.30"]
[EventType "swiss"]
[EventRounds "9"]
[EventCountry "BRA"]
[SourceTitle "CBM 088 Extra"]
[Source "ChessBase"]
[SourceDate "2002.07.01"]
[SourceVersion "2"]
[SourceVersionDate "2002.07.01"]
[SourceQuality "1"]

1. e4 c5 2. Nc3 Nc6 3. Bb5 Nd4 4. Bc4 g6 5. Nf3 Bg7 6. Nxd4 cxd4 7. Qf3 e6 8.
Nb5 d6 9. Qa3 Ke7 10. c3 Nf6 11. e5 Ne8 12. cxd4 a6 13. Nc3 Qb6 14. Ne2 Kf8 15.
f4 Qc6 16. d3 Qxg2 17. Rg1 Qxh2 18. f5 gxf5 19. Bf4 Qh4+ 20. Kd2 Bh6 21. Raf1
Bxf4+ 22. Nxf4 Qe7 23. Qa4 dxe5 24. dxe5 b5 25. Bxb5 Rb8 26. Bxe8 Qxe8 27.
Qxe8+ Kxe8 28. b3 Ke7 29. Rc1 Bd7 30. Rc7 h5 31. Rh1 h4 32. Ke3 Rbg8 33. Kf2 a5
34. d4 Rg4 35. Kf3 Rc8 36. Rhc1 Kd8 37. Rxc8+ Bxc8 38. Ke3 Bb7 39. d5 exd5 40.
Rd1 Ke7 41. Nxd5+ Bxd5 42. Rxd5 h3 43. Rd2 Ke6 44. Rh2 Kxe5 45. Rxh3 Rg2 46.
Rh8 f4+ 47. Kf3 Rxa2 48. Re8+ Kf5 49. Rb8 Kg5 50. Rg8+ Kf6 51. Kxf4 Rf2+ 52.
Ke4 Rf5 53. Rb8 Rh5 54. Rb6+ Kg7 55. Kf4 f6 56. Kg4 Rc5 57. Kf3 Kg6 58. b4 Rc3+
59. Kf2 a4 60. Ra6 a3 61. b5 Kg5 62. b6 Rc2+ 63. Kf3 Rc3+ 64. Kf2 Rb3 65. b7 f5
66. b8=Q Rxb8 67. Rxa3 Kg4 68. Rc3 f4 69. Ra3 Rb2+ 70. Kf1 1/2-1/2

[Event "Sao Paulo-ch fin"]
[Site "Serra Negra"]
[Date "2002.??.??"]
[Round "?"]
[White "Mekhitarian, Krikor Sevag"]
[Black "El Debs, Felipe de Cresce"]
[Result "0-1"]
[WhiteElo "2196"]
[BlackElo "2238"]
[PlyCount "120"]
[EventDate "2002.05.30"]
[EventType "swiss"]
[EventRounds "9"]
[EventCountry "BRA"]
[SourceTitle "CBM 088 Extra"]
[Source "ChessBase"]
[SourceDate "2002.07.01"]
[SourceVersion "2"]
[SourceVersionDate "2002.07.01"]
[SourceQuality "1"]

1. e4 c5 2. Nc3 g6 3. d4 cxd4 4. Qxd4 Nf6 5. Bg5 Nc6 6. Qd2 Bg7 7. Nf3 d6 8.
Bc4 O-O 9. O-O-O Bg4 10. Bh6 Qa5 11. Bxg7 Kxg7 12. h3 Bxf3 13. gxf3 Ne5 14. Be2
Rfc8 15. Qd4 b5 16. Kb1 b4 17. Nd5 Nxd5 18. Qxd5 Qxd5 19. Rxd5 g5 20. Rd4 a5
21. Rdd1 Ng6 22. Rdg1 Kf6 23. h4 h6 24. hxg5+ hxg5 25. Bd3 Rh8 26. Kc1 Rh4 27.
Rxh4 gxh4 28. Kd2 Rh8 29. Ke3 h3 30. f4 h2 31. Rh1 Rh3+ 32. f3 Nh4 33. Be2 Ng2+
34. Kf2 Nxf4 35. Bf1 Rh8 36. Kg3 Ke5 37. c3 bxc3 38. bxc3 Rg8+ 39. Kf2 Rc8 40.
Rxh2 Rxc3 41. Rh7 Kf6 42. Kg3 Ne6 43. Rh6+ Kg7 44. Rh5 Nc5 45. Kf4 a4 46. Rg5+
Kf8 47. Rg2 Ne6+ 48. Kg4 Nd4 49. f4 Re3 50. Rb2 Rxe4 51. Rb4 f5+ 52. Kh5 Ne6
53. Rxe4 fxe4 54. Kg4 Nd4 55. Bc4 e3 56. Kg3 Kg7 57. Bd3 a3 58. Be4 Kf6 59. Bd3
Ke6 60. Be4 Kd7 0-1

[Event "Sao Paulo-ch fin"]
[Site "Serra Negra"]
[Date "2002.??.??"]
[Round "?"]
[White "Mekhitarian, Krikor Sevag"]
[Black "Meng, Ng Chong"]
[Result "1-0"]
[WhiteElo "2196"]
[BlackElo "2281"]
[PlyCount "69"]
[EventDate "2002.05.30"]
[EventType "swiss"]
[EventRounds "9"]
[EventCountry "BRA"]
[SourceTitle "CBM 088 Extra"]
[Source "ChessBase"]
[SourceDate "2002.07.01"]
[SourceVersion "2"]
[SourceVersionDate "2002.07.01"]
[SourceQuality "1"]

1. e4 c5 2. Nc3 Nc6 3. Bb5 e6 4. Bxc6 bxc6 5. d3 d6 6. f4 g6 7. Nf3 Bg7 8. O-O
Ne7 9. Qe1 Ba6 10. b3 O-O 11. Rb1 Rb8 12. Ba3 Qa5 13. Na4 Rb4 14. Bxb4 cxb4 15.
a3 c5 16. e5 dxe5 17. fxe5 Nd5 18. axb4 cxb4 19. Qf2 Qc7 20. Rfe1 Rc8 21. Rb2
Bb5 22. Ra2 a6 23. Kh1 Bh6 24. d4 Bxa4 25. Rxa4 Qxc2 26. Qxc2 Rxc2 27. Rxa6 Bc1
28. Ra8+ Kg7 29. Ra7 Kg8 30. Rb7 g5 31. g3 Kg7 32. Rf1 Ne3 33. Ne1 Re2 34.
Rfxf7+ Kg6 35. Rf6+ 1-0

[Event "Sao Paulo-ch fin"]
[Site "Serra Negra"]
[Date "2002.??.??"]
[Round "?"]
[White "Mekhitarian, Krikor Sevag"]
[Black "Segal, Alexandru Sorin"]
[Result "1/2-1/2"]
[WhiteElo "2196"]
[BlackElo "2324"]
[PlyCount "25"]
[EventDate "2002.05.30"]
[EventType "swiss"]
[EventRounds "9"]
[EventCountry "BRA"]
[SourceTitle "CBM 088 Extra"]
[Source "ChessBase"]
[SourceDate "2002.07.01"]
[SourceVersion "2"]
[SourceVersionDate "2002.07.01"]
[SourceQuality "1"]

1. e4 Nf6 2. e5 Nd5 3. d4 d6 4. c4 Nb6 5. exd6 cxd6 6. Nc3 g6 7. Be3 Bg7 8. Rc1
O-O 9. b3 e6 10. h4 Nc6 11. Be2 Ne7 12. Nf3 Bd7 13. h5 1/2-1/2

[Event "Sao Paulo-ch fin"]
[Site "Serra Negra"]
[Date "2002.??.??"]
[Round "?"]
[White "Mekhitarian, Krikor Sevag"]
[Black "Slipak, Sergio"]
[Result "1/2-1/2"]
[WhiteElo "2196"]
[BlackElo "2498"]
[PlyCount "34"]
[EventDate "2002.05.30"]
[EventType "swiss"]
[EventRounds "9"]
[EventCountry "BRA"]
[SourceTitle "CBM 088 Extra"]
[Source "ChessBase"]
[SourceDate "2002.07.01"]
[SourceVersion "2"]
[SourceVersionDate "2002.07.01"]
[SourceQuality "1"]

1. e4 c6 2. d4 d5 3. Nc3 dxe4 4. Nxe4 Bf5 5. Ng3 Bg6 6. Bc4 e6 7. N1e2 Bd6 8.
Nf4 Nf6 9. h4 Bxf4 10. Bxf4 h6 11. h5 Bh7 12. c3 Nbd7 13. O-O Nd5 14. Bxd5 cxd5
15. Qg4 Qf6 16. Bd6 O-O-O 17. c4 dxc4 1/2-1/2

[Event "Itau Mercosul Cup 6th"]
[Site "Sao Paulo"]
[Date "2002.09.29"]
[Round "2"]
[White "Mekhitarian, Krikor Sevag"]
[Black "Vescovi, Giovanni P"]
[Result "0-1"]
[WhiteElo "2190"]
[BlackElo "2611"]
[PlyCount "136"]
[EventDate "2002.09.28"]
[EventType "swiss"]
[EventRounds "9"]
[EventCountry "BRA"]
[SourceTitle "CBM 090 Extra"]
[Source "ChessBase"]
[SourceDate "2002.11.07"]
[SourceVersion "1"]
[SourceVersionDate "2002.11.07"]
[SourceQuality "1"]

1. e4 c5 2. Nc3 e6 3. Nf3 Nc6 4. Bb5 Nge7 5. O-O a6 6. Bxc6 Nxc6 7. d4 cxd4 8.
Nxd4 Qc7 9. Re1 d6 10. Nxc6 bxc6 11. Na4 Be7 12. c4 O-O 13. Be3 Rb8 14. Qd2 c5
15. Nc3 Bb7 16. f3 Bf6 17. b3 Rbd8 18. Rad1 Be5 19. Bf4 Bd4+ 20. Be3 e5 21. Nd5
Bxd5 22. exd5 Bxe3+ 23. Rxe3 f5 24. Rde1 f4 25. Rd3 Rb8 26. Rc1 Rf6 27. Re1 Qd8
28. Kf1 Rf7 29. Rc1 Qh4 30. h3 Qd8 31. Qe2 Rfb7 32. Rcc3 Qg5 33. Kg1 Rf8 34.
Rd2 Qf5 35. Qe4 Qg5 36. Qe2 Re8 37. Qe4 Reb8 38. Rdd3 a5 39. a4 g6 40. Kh1 Kg7
41. Kg1 Kh6 42. Kh1 Qf5 43. Kg1 Rf7 44. Kh1 Kg5 45. Kh2 Kf6 46. Kg1 g5 47. g4
fxg3 48. Qxf5+ Kxf5 49. Kg2 Kg6 50. Kxg3 Rf4 51. Re3 Kf5 52. Rcd3 Rg8 53. Kg2
Rg6 54. Kg3 Rh6 55. Rd2 Rg6 56. Rdd3 h5 57. Rd2 g4 58. fxg4+ hxg4 59. hxg4+
Rgxg4+ 60. Kh3 e4 61. Rde2 Rg8 62. Rg2 Rh8+ 63. Kg3 Ke5 64. Rd2 Rg8+ 65. Kh3
Rf7 66. Kh2 Rh7+ 67. Rh3 Rxh3+ 68. Kxh3 e3 0-1

[Event "Sao Paulo Interclubs"]
[Site "Sao Paulo"]
[Date "2003.??.??"]
[Round "5"]
[White "Crosa Coll, Martin"]
[Black "Mekhitarian, Krikor Sevag"]
[Result "0-1"]
[WhiteElo "2446"]
[BlackElo "2248"]
[PlyCount "90"]
[EventDate "2003.03.08"]
[EventType "team"]
[EventRounds "7"]
[EventCountry "BRA"]
[SourceTitle "CBM 093 Extra"]
[Source "ChessBase"]
[SourceDate "2003.05.09"]
[SourceVersion "1"]
[SourceVersionDate "2003.05.09"]
[SourceQuality "1"]

1. e4 c5 2. Nf3 d6 3. d4 cxd4 4. Nxd4 Nf6 5. Nc3 a6 6. Be3 e5 7. Nb3 Be6 8. Qd2
Be7 9. f3 O-O 10. O-O-O b5 11. g4 b4 12. Nd5 Bxd5 13. exd5 a5 14. Kb1 Qc7 15.
h4 Nfd7 16. g5 Nb6 17. f4 N8d7 18. f5 a4 19. Nc1 Ra5 20. Qg2 Rc8 21. f6 Bf8 22.
Bd3 Nxd5 23. h5 a3 24. Qe4 N7xf6 25. gxf6 Nxf6 26. Qh4 e4 27. Bxe4 Nxe4 28.
Qxe4 Re5 29. Qg2 Rxe3 30. Nb3 axb2 31. Kxb2 Be7 32. Kb1 Bf6 33. Rd3 Rxd3 34.
cxd3 Qc3 35. Qe4 Qe5 36. Qg2 h6 37. Rf1 Re8 38. d4 Qe4+ 39. Qxe4 Rxe4 40. Kc2
Re2+ 41. Kd3 Rxa2 42. Rf5 Rg2 43. Rd5 Be7 44. Rb5 Rg3+ 45. Kc4 d5+ 0-1

[Event "Sao Paulo Interclubs"]
[Site "Sao Paulo"]
[Date "2003.??.??"]
[Round "6"]
[White "Mekhitarian, Krikor Sevag"]
[Black "Milos, Gilberto"]
[Result "0-1"]
[WhiteElo "2248"]
[BlackElo "2580"]
[PlyCount "103"]
[EventDate "2003.03.08"]
[EventType "team"]
[EventRounds "7"]
[EventCountry "BRA"]
[SourceTitle "CBM 093 Extra"]
[Source "ChessBase"]
[SourceDate "2003.05.09"]
[SourceVersion "1"]
[SourceVersionDate "2003.05.09"]
[SourceQuality "1"]

1. e4 c6 2. d4 d5 3. Nc3 dxe4 4. Nxe4 Nf6 5. Nxf6+ gxf6 6. c3 Bf5 7. Nf3 Qd7 8.
Bf4 Rg8 9. Qd2 e6 10. g3 Na6 11. Bg2 Nc7 12. O-O Nd5 13. Bh6 Bxh6 14. Qxh6
O-O-O 15. c4 Rg6 16. Qd2 Ne7 17. Rfd1 Bg4 18. Qc3 Qc7 19. Rd2 Nf5 20. d5 c5 21.
dxe6 fxe6 22. Rxd8+ Qxd8 23. Qa3 Qb6 24. Rd1 Rg8 25. h3 Bxf3 26. Qxf3 Rf8 27.
b3 Qc7 28. Qe4 Nd4 29. Re1 f5 30. Qe5 Qxe5 31. Rxe5 b6 32. f4 Kc7 33. Kf2 Kd6
34. Re1 Rf7 35. Bf3 a6 36. Rc1 b5 37. Ke3 b4 38. Rf1 Rf6 39. Rh1 Rh6 40. g4 e5
41. g5 Rh4 42. fxe5+ Kxe5 43. Bd5 f4+ 44. Kf2 Kf5 45. Kg2 Rh5 46. h4 Kg4 47.
Kf2 Rxh4 48. Rg1+ Kf5 49. Re1 Rh2+ 50. Kg1 Rxa2 51. Re7 Kg4 52. g6 0-1

[Event "Sao Paulo Interclubs"]
[Site "Sao Paulo"]
[Date "2003.??.??"]
[Round "7"]
[White "Vescovi, Giovanni P"]
[Black "Mekhitarian, Krikor Sevag"]
[Result "1-0"]
[WhiteElo "2592"]
[BlackElo "2248"]
[PlyCount "55"]
[EventDate "2003.03.08"]
[EventType "team"]
[EventRounds "7"]
[EventCountry "BRA"]
[SourceTitle "CBM 093 Extra"]
[Source "ChessBase"]
[SourceDate "2003.05.09"]
[SourceVersion "1"]
[SourceVersionDate "2003.05.09"]
[SourceQuality "1"]

1. e4 c5 2. Nf3 d6 3. Bb5+ Bd7 4. Bxd7+ Qxd7 5. c4 Nc6 6. Nc3 g6 7. d4 cxd4 8.
Nxd4 Bg7 9. Nde2 Nf6 10. f3 O-O 11. O-O Rfd8 12. Bg5 h6 13. Bh4 g5 14. Bf2 Ne5
15. b3 e6 16. Qc2 d5 17. Rad1 Qc8 18. exd5 exd5 19. c5 Nc6 20. Rd2 Nb4 21. Qd1
Qf5 22. Ng3 Qd7 23. Bd4 Nc6 24. Bxf6 Bxf6 25. Nxd5 Qe6 26. Re1 Be5 27. Nc7 Rxd2
28. Qxd2 1-0